000 00426nam a22001337a 4500
999 _c8155
_d8155
003 OSt
005 20200806113909.0
008 200806b ||||| |||| 00| 0 eng d
020 _a9788489738683
082 _a725.74
245 _aDiseƱo de espacios experiores : picinas: albercas, jacuzzis, termas = Design for contemporary exteriors: swimming-pools : spas, jacuzzis, hot-tubs
260 _aSpain
_bEdiciones daly
942 _2ddc